000 01024cam a22003257a 4500
003 CHAP
005 20220329134701.0
008 971013s1966 r 00010 d
010 _a24170
011 _a25142
035 _a29242
040 _cCHAP
082 _a501
_bB75Y
100 0 0 _aBriton, Crane.
_915447
245 1 3 _aLa ideas y los hombres ; historia del pensamiento de Occidente
260 _aMadrid :
_bAguilar,
_c1966
300 _a548 p.
490 0 _aBiblioteca cultura e historia
590 _aBATCH-UPD
_b10
_c20130110
_lUCH01
_h0013
590 _aBATCH-UPD
_b10
_c20130110
_lUCH01
_h0334
590 _aBATCH-UPD
_b10
_c20130410
_lUCH01
_h0739
590 _aBATCH-UPD
_b10
_c20130914
_lUCH01
_h0617
590 _aCONVERSION
_b10
_c20130109
_lUCH01
_h1314
650 1 4 _aCiencia
_xFilosofía.
_923124
650 1 4 _aCivilización
_xFilosofía.
_923562
830 0 _aBiblioteca cultura e historia
_912266
901 _aBK
942 _cLIBRO
949 _a501 B75Y
_bBC
_cLIBRO
_d33724000826277
_eLIBRO
_h37862
_i29242
_si
999 _c24170
_d24170